000 00434nam a22001577a 4500
003 OSt
005 20260416074917.0
008 260416b |||||||| |||| 00| 0 eng d
020 _a0-9760853-0-5
040 _cIPSTC
050 _aHD1538
_b.S65 2000
110 _aInternational Crisis Group
245 _aBlood and Soil
_bLand,Politics and Conflict Prevention in Zimbabwe and South Africa
260 _aUSA
_c2004
942 _2lcc
_cBK
_n0
999 _c23696
_d23695